000 00275nam a2200109Ia 4500
008 210430s9999 xx 000 0 und d
082 _a300.1 B1121 p
100 _aEarl Babbie
245 4 _aThe practice of social research
_cEarl Babbie
300 _a116p.
942 _cBK
_2ddc
999 _c562175
_d562175